[Event "FICGS rapid B 000386 email"]
[Site "FICGS email"]
[Date "2023.02.03"]
[Round "1"]
[White "Roubik, Vit"]
[Black "Dizer, Grigory"]
[Result "1-0"]
[WhiteElo "1938"]
[BlackElo "1928"]
[PlyCount "89"]
[EventDate "2023.??.??"]
[EventType "tourn (rapid)"]
[EventRounds "6"]
[SourceTitle "Corr 2024"]
[Source "ChessBase"]
[SourceDate "2023.10.19"]
[SourceVersion "1"]
[SourceVersionDate "2023.10.19"]
[SourceQuality "1"]

1. d4 d5 2. c4 e6 3. g3 c6 4. Bg2 Nf6 5. Nf3 Be7 6. 0-0 0-0 7. b3 b6 8. Qc2 Nbd7 9. Bb2 Bb7 10. Rd1 Rc8 11. Nc3 Qc7 12. e3 Rfd8 13. Rac1 Qb8 14. Qe2 c5 15. cxd5 Nxd5 16. Nxd5 Bxd5 17. e4 Bb7 18. d5 exd5 19. exd5 Re8 20. Qc4 Rcd8 21. Nd2 Ne5 22. Bxe5 Qxe5 23. d6 Bxg2 24. dxe7 Rd4 25. Qb5 Rxe7 26. Nc4 Qg5 27. h4 Qd5 28. Ne3 Rxe3 29. Rxd4 Qxd4 30. fxe3 Qe4 31. Rd1 g6 32. Rd8+ Kg7 33. Qe8 Qxe8 34. Rxe8 Bc6 35. Re7 a5 36. Ra7 Bd5 37. Ra6 c4 38. Rxb6 cxb3 39. axb3 f6 40. Kf2 h6 41. Rb5 Bf7 42. Kf3 g5 43. Rb7 h5 44. Rb5 gxh4 45. gxh4 1-0

[Event "FICGS rapid B 000386 email"]
[Site "FICGS email"]
[Date "2023.02.03"]
[Round "1"]
[White "Vollmer, Steve"]
[Black "Dizer, Grigory"]
[Result "0-1"]
[WhiteElo "1750"]
[BlackElo "1928"]
[PlyCount "76"]
[EventDate "2023.??.??"]
[EventType "tourn (rapid)"]
[EventRounds "6"]
[SourceTitle "Corr 2024"]
[Source "ChessBase"]
[SourceDate "2023.10.19"]
[SourceVersion "1"]
[SourceVersionDate "2023.10.19"]
[SourceQuality "1"]

1. e4 e5 2. Nf3 Nc6 3. Bb5 Nf6 4. 0-0 Nxe4 5. d4 Nd6 6. Bxc6 dxc6 7. dxe5 Nf5 8. Qxd8+ Kxd8 9. Nc3 Bd7 10. Bf4 h6 11. Rad1 Kc8 12. Ne4 b6 13. h4 Be6 14. Rfe1 Kb7 15. b3 a5 16. a4 Bb4 17. Bd2 Rad8 18. Bxb4 axb4 19. Kf1 c5 20. Ned2 g5 21. g3 g4 22. Nh2 Nd4 23. Rc1 Bf5 24. Ne4 Rhe8 25. Nf6 Nxc2 26. Nxe8 Nxe1 27. Rxe1 Rxe8 28. h5 Be6 29. Re3 Ka6 30. f4 Rd8 31. Ke1 Ka5 32. Nf1 c4 33. bxc4 Kxa4 34. Nd2 c5 35. Ke2 Rd7 36. Rd3 Rxd3 37. Kxd3 Bf5+ 38. Ke2 b3 0-1

[Event "FICGS class E 000243 email"]
[Site "FICGS email"]
[Date "2022.10.25"]
[Round "1"]
[White "Dizer, Grigory"]
[Black "Marcel, Alexis"]
[Result "1-0"]
[WhiteElo "1663"]
[BlackElo "1360"]
[PlyCount "41"]
[EventDate "2022.??.??"]
[EventType "tourn (corr)"]
[EventRounds "5"]
[SourceTitle "Corr 2024"]
[Source "ChessBase"]
[SourceDate "2023.10.19"]
[SourceVersion "1"]
[SourceVersionDate "2023.10.19"]
[SourceQuality "1"]

1. e4 g6 2. Nc3 Bg7 3. Bc4 e6 4. d3 Ne7 5. f4 0-0 6. Nf3 Nbc6 7. 0-0 a6 8. Qe1 b5 9. Bb3 Na5 10. e5 Nxb3 11. axb3 Bb7 12. Ne4 Nf5 13. g4 Ne7 14. Qg3 Nd5 15. f5 exf5 16. gxf5 Re8 17. Bg5 Qc8 18. c4 Nb4 19. Nf6+ Bxf6 20. Bxf6 Nxd3 21. Qg5 1-0

[Event "FICGS rapid D 000145 email"]
[Site "FICGS email"]
[Date "2022.08.25"]
[Round "1"]
[White "Cirovic, Zeljko"]
[Black "Dizer, Grigory"]
[Result "0-1"]
[WhiteElo "1620"]
[BlackElo "1500"]
[PlyCount "38"]
[EventDate "2022.??.??"]
[EventType "tourn (rapid)"]
[EventRounds "5"]
[SourceTitle "Corr 2024"]
[Source "ChessBase"]
[SourceDate "2023.10.19"]
[SourceVersion "1"]
[SourceVersionDate "2023.10.19"]
[SourceQuality "1"]

1. e4 e5 2. Nf3 Nc6 3. Nc3 Be7 4. d4 exd4 5. Nxd4 d6 6. Nxc6 bxc6 7. Bc4 Nf6 8. Bf4 0-0 9. Qd2 Be6 10. Bxe6 fxe6 11. 0-0-0 Rb8 12. f3 Nd5 13. Nxd5 cxd5 14. exd5 Rxf4 15. Qxf4 Bg5 16. Qd2 Bxd2+ 17. Rxd2 Qf6 18. c3 e5 19. h4 Qf4 0-1

[Event "FICGS class D 000287 email"]
[Site "FICGS email"]
[Date "2022.08.12"]
[Round "1"]
[White "Pintor, Manuel"]
[Black "Dizer, Grigory"]
[Result "0-1"]
[WhiteElo "1694"]
[BlackElo "1500"]
[PlyCount "42"]
[EventDate "2022.??.??"]
[EventType "tourn (corr)"]
[EventRounds "6"]
[SourceTitle "Corr 2024"]
[Source "ChessBase"]
[SourceDate "2023.10.19"]
[SourceVersion "1"]
[SourceVersionDate "2023.10.19"]
[SourceQuality "1"]

1. e4 e5 2. f4 Nc6 3. Nf3 f6 4. Bc4 Be7 5. Nh4 Nh6 6. Qh5+ g6 7. Nxg6 hxg6 8. Qxg6+ Kf8 9. f5 Qe8 10. Qg3 Nd4 11. Bd3 d5 12. c3 dxe4 13. Bxe4 Ndxf5 14. Qf3 Nh4 15. Qg3 N6f5 16. Qf2 Nd6 17. d3 Nxe4 18. dxe4 Qg6 19. g3 Qxe4+ 20. Kd2 Bg4 21. gxh4 Rd8+ 0-1